000
00231nam a22001217a 4500
040
_c
HS
082
_a
631
100
_a
NA
245
_a
Planing for agricultural drainage
260
_a
JAPAN
_b
NA
_c
NA
300
_a
25p.
942
_c
EK
999
_c
8723
_d
8723